|
|
|
|
| LEADER |
00980naa a2200217 i 4500 |
| 001 |
acta77727 |
| 005 |
20221208133410.0 |
| 008 |
221208s2022 hu o 1|| spa d |
| 020 |
|
|
|a 978-963-306-905-9
|
| 040 |
|
|
|a SZTE Egyetemi Kiadványok Repozitórium
|b hun
|
| 041 |
|
|
|a spa
|
| 100 |
2 |
|
|a Rubio Quintero David
|
| 245 |
1 |
0 |
|a Políticas de salud en Colombia, escenario postpandemia
|h [elektronikus dokumentum] :
|b [abstract] /
|c Rubio Quintero David
|
| 260 |
|
|
|a Departamento de Estudios Hispánicos de la Universidad de Szeged
|b Szeged
|c 2022
|
| 300 |
|
|
|a 62
|
| 490 |
0 |
|
|a Un océano. Distintos destinos 1492-1522-2022
|
| 650 |
|
4 |
|a Társadalomtudományok
|
| 650 |
|
4 |
|a Politikatudomány
|
| 695 |
|
|
|a Egészségügyi politika - Kolumbia - 21. sz. - előadáskivonat
|
| 711 |
|
|
|a Un océano. Distintos destinos 1492-1522-2022
|c Szeged
|d 2022. november 18-19.
|
| 856 |
4 |
0 |
|u http://acta.bibl.u-szeged.hu/77727/1/un_oceano_distintos_destinos_libro_de_resumenes_2022_062.pdf
|z Dokumentum-elérés
|